12. konferencia podunajských štátov o hydrologických predpovediach materiály konferencie : Bratislava 21.-24. august 1984

Uložené v:
Podrobná bibliografia
Médium: Kniha
Jazyk:Slovak
Vydavateľské údaje: Bratislava Výskumný ústav vodného hospodárstva 1984
Tagy: Pridať tag
Žiadne tagy, Buďte prvý, kto otaguje tento záznam!

MARC

LEADER 00000nam a2200000 4500
001 c110642
005 20041019155147.4
041 0 |a slo 
044 |a SK 
245 1 0 |a 12. konferencia podunajských štátov o hydrologických predpovediach  |b materiály konferencie : Bratislava 21.-24. august 1984 
264 1 |a Bratislava  |b Výskumný ústav vodného hospodárstva  |c 1984 
300 |a 34 zošitov  |e 1 vol. l.